000 01312nam a2200313 a 4500
001 000037889
003 DO-SdBNP
005 20240409073644.0
007 ta
008 130308s2012 dr 001 0 spa d
020 _z9789945074635
040 _aDO-SdBNP
_bspa
_cBNPHU
082 4 _a972.93053
_bR696d
_222
100 1 _aRodríguez Demorizi, Alonso
_964329
245 1 0 _aDrama de Trujillo :
_bcronología comentada /
_cAlonso Rodríguez Demorizi ; prólogo por Roberto Cassá.
260 _aSanto Domingo :
_bArchivo General de la Nación,
_c2012.
_fBúho
300 _av. ;
_c24 cm.
490 1 _aArchivo General de la Nación;
_v168
500 _aIncluye índice onomástico
500 _aLos volúmenes 1 y 2 están encuadernados juntos
505 0 _aAutorización de Alonso Rodríguez Demorizi --
_tCronología por Juan Vargas García --
_gv. 1
_tOct. 9, 1960 - Nov. 12, 1960
_gv. 2
_tNov. 26, 1960 - Ene. 16, 1961
590 _aInventariado, 2022/BT
650 4 _aIglesia y estado en República Dominicana
_xSiglo XX
_912044
651 4 _aRepública Dominicana
_xPolítica y gobierno
_yEra de Trujillo, 1930-1961
_91374
700 1 _aCassá, Roberto,
_d1948-
_epról.
_910888
830 0 _aArchivo General de la Nación
_n168
_981329
910 _aValidado. Control de calidad EMS
942 _2ddc
_cLBS1
999 _c37379
_d37379